| 000 | 00567nam a2200169 i 4500 | ||
|---|---|---|---|
| 001 | 150628 | ||
| 003 | ES-MaACL | ||
| 005 | 20251017063106.0 | ||
| 007 | t| | ||
| 008 | 071031s1970 sp ||||1| spa d | ||
| 100 | 0 |
_aValentín de la Cruz, _cFray (O.C.D.) _9112611 |
|
| 245 | 1 | 0 |
_aPatria y altares _b: (donaciones religiosas del Conde Fernán González) / _cFray Valentín de la Cruz. |
| 260 |
_aBurgos : _b[s.n.], _c1970 ( _fImp. Monte Carmelo) |
||
| 300 |
_a142 p. : _bil. ; _c22 cm. |
||
| 852 |
_aES-MaACL _jC-44752 _bR.74158 |
||
| 999 |
_c150628 _d150628 |
||